[Event "Bundesliga 2425"]
[Site "Germany"]
[Date "2025.04.27"]
[Round "15.4"]
[White "Papp, Gabor"]
[Black "Michalik, Peter"]
[Result "1/2-1/2"]
[WhiteElo "2550"]
[BlackElo "2564"]
[PlyCount "61"]
[EventDate "2024.09.28"]
[EventType "team-tourn"]
[EventRounds "15"]
[EventCountry "GER"]
[SourceTitle "CB18_2025"]
[SourceDate "2025.04.30"]
[SourceVersion "1"]
[SourceVersionDate "2025.04.30"]
[SourceQuality "1"]
[WhiteTeam "Hamburger SK"]
[BlackTeam "Dresden TU"]
[WhiteTeamCountry "GER"]
[BlackTeamCountry "GER"]

1. e4 e5 2. Nf3 Nc6 3. Bc4 Nf6 4. d3 Be7 5. 0-0 0-0 6. Re1 d6 7. a4 Be6 8. Bxe6 fxe6 9. Nbd2 a5 10. c3 Qd7 11. Nf1 h6 12. Ng3 Rae8 13. Qb3 b6 14. h3 Nh7 15. Qb5 Nb8 16. b4 Qxb5 17. axb5 axb4 18. cxb4 c6 19. bxc6 Nxc6 20. b5 Nb4 21. Rd1 Ra8 22. Be3 Nc2 23. Rxa8 Rxa8 24. Bxb6 Rb8 25. Rc1 Rxb6 26. Rxc2 Rxb5 27. Rc7 Kf8 28. d4 Ng5 29. Nxg5 Bxg5 30. dxe5 Rxe5 31. Rd7 1/2-1/2

[Event "Reykjavik op"]
[Site "Reykjavik"]
[Date "2025.04.10"]
[Round "2"]
[White "Papp, Gabor"]
[Black "Nissinen, Niilo Man"]
[Result "1/2-1/2"]
[WhiteElo "2502"]
[BlackElo "2268"]
[PlyCount "91"]
[EventDate "2025.04.09"]
[EventType "swiss"]
[EventRounds "9"]
[EventCountry "ISL"]
[SourceTitle "CB17_2025"]
[SourceDate "2025.04.23"]
[SourceVersion "1"]
[SourceVersionDate "2025.04.23"]
[SourceQuality "1"]

1. e4 c5 2. Nf3 Nc6 3. Bb5 g6 4. 0-0 Bg7 5. Bxc6 dxc6 6. d3 Nf6 7. Re1 0-0 8. a4 a5 9. Nbd2 Ne8 10. e5 Nc7 11. b3 Bf5 12. Bb2 Qd7 13. Nc4 Nd5 14. Ng5 Be6 15. Qf3 h6 16. Nxe6 Qxe6 17. Re2 Rfd8 18. h4 b6 19. h5 g5 20. g3 Ra7 21. Kh2 Rad7 22. Qe4 Kh8 23. Rg1 b5 24. Nd2 Nb6 25. axb5 cxb5 26. f4 c4 27. f5 Qd5 28. dxc4 bxc4 29. Qxd5 Rxd5 30. Nxc4 Nxc4 31. bxc4 Rc5 32. f6 exf6 33. exf6 Bf8 34. Re4 Rdc8 35. Rd1 Rxc4 36. Rxc4 Rxc4 37. Rd8 Rxc2+ 38. Kh3 Rxb2 39. Rxf8+ Kh7 40. Rxf7+ Kg8 41. Rg7+ Kh8 42. Rg6 Kh7 43. Rg7+ Kh8 44. Ra7 Rf2 45. Rxa5 Rxf6 46. Kg4 1/2-1/2

[Event "Bundesliga 2425"]
[Site "Germany"]
[Date "2025.03.24"]
[Round "12.5"]
[White "Bogosavljevic, Boban"]
[Black "Papp, Gabor"]
[Result "1/2-1/2"]
[WhiteElo "2486"]
[BlackElo "2550"]
[PlyCount "117"]
[EventDate "2024.09.28"]
[EventType "team-tourn"]
[EventRounds "15"]
[EventCountry "GER"]
[SourceTitle "CB13_2025"]
[SourceDate "2025.03.26"]
[SourceVersion "1"]
[SourceVersionDate "2025.03.26"]
[SourceQuality "1"]
[WhiteTeam "Deggendorf"]
[BlackTeam "Hamburger SK"]
[WhiteTeamCountry "GER"]
[BlackTeamCountry "GER"]

1. Nf3 Nf6 2. g3 b6 3. Bg2 Bb7 4. 0-0 e6 5. c4 Be7 6. b3 0-0 7. Bb2 c5 8. Nc3 d6 9. e3 Nbd7 10. d4 Ne4 11. Qe2 Bf6 12. Rfd1 Qe7 13. Rac1 Rad8 14. Na4 d5 15. Nd2 Nxd2 16. Qxd2 cxd4 17. cxd5 Bxd5 18. Bxd5 dxe3 19. Qxe3 Bg5 20. Qc3 Bf6 21. Qe1 exd5 22. Qxe7 Bxe7 23. Rc7 b5 24. Nc3 Bf6 25. Nxd5 Bxb2 26. Ne7+ Kh8 27. Nc6 Rc8 28. Rdxd7 Rxc7 29. Rxc7 a6 30. Ra7 g6 31. Rxa6 Kg7 32. Rb6 Rc8 33. Kf1 Ba3 34. b4 Bb2 35. Ke2 Re8+ 36. Kd3 Re6 37. Ra6 Rd6+ 38. Ke4 h5 39. h3 Bc3 40. g4 Be1 41. f4 h4 42. f5 gxf5+ 43. gxf5 Rd2 44. Nd4 Bg3 45. Nxb5 Rh2 46. Nd4 Rxh3 47. f6+ Kg6 48. Nf5 Be1 49. b5 Rh2 50. Ra3 Kxf6 51. b6 Rb2 52. Ne3 Ke6 53. Rb3 Rxb3 54. axb3 Kd6 55. Kf3 Kc6 56. Kg4 Kxb6 57. Ng2 Bg3 58. Nxh4 Bxh4 59. Kxh4 1/2-1/2

[Event "Bundesliga 2425"]
[Site "Germany"]
[Date "2025.03.23"]
[Round "11.5"]
[White "Papp, Gabor"]
[Black "Lokander, Martin"]
[Result "1-0"]
[WhiteElo "2550"]
[BlackElo "2469"]
[PlyCount "99"]
[EventDate "2024.09.28"]
[EventType "team-tourn"]
[EventRounds "15"]
[EventCountry "GER"]
[SourceTitle "CB13_2025"]
[SourceDate "2025.03.26"]
[SourceVersion "1"]
[SourceVersionDate "2025.03.26"]
[SourceQuality "1"]
[WhiteTeam "Hamburger SK"]
[BlackTeam "Bayern Muenchen"]
[WhiteTeamCountry "GER"]
[BlackTeamCountry "GER"]

1. e4 e5 2. Nf3 Nc6 3. Bb5 Nf6 4. 0-0 Nxe4 5. Re1 Nd6 6. Nxe5 Be7 7. Bf1 Nxe5 8. Rxe5 0-0 9. d4 Bf6 10. Re1 Nf5 11. c3 d5 12. Bf4 Be7 13. Nd2 Bd6 14. Bxd6 Nxd6 15. Qf3 c6 16. Qf4 Bf5 17. Re3 Qd7 18. Rae1 Be6 19. Nf3 Rae8 20. Ne5 Qc7 21. Bd3 c5 22. dxc5 Qxc5 23. Nf3 h6 24. Nd4 Bd7 25. h3 Rxe3 26. Rxe3 Re8 27. Rxe8+ Bxe8 28. Qe5 Bd7 29. Qe7 Qc7 30. Bg6 Qc8 31. Qxd6 fxg6 32. Qxg6 Qc4 33. Qd6 Bc8 34. Qb8 a5 35. Kh2 Kh7 36. a3 a4 37. f3 Qc5 38. f4 Bd7 39. Qe5 Kg8 40. f5 Kf7 41. Ne6 Bxe6 42. fxe6+ Ke7 43. Qxg7+ Kxe6 44. Qxh6+ Kf5 45. Qh5+ Kf6 46. Qh4+ Kg6 47. Qxa4 Qd6+ 48. Kh1 Qb6 49. Qg4+ Kh6 50. Qf4+ 1-0

[Event "Bundesliga 2425"]
[Site "Germany"]
[Date "2025.02.02"]
[Round "8.4"]
[White "Janik, Igor"]
[Black "Papp, Gabor"]
[Result "1/2-1/2"]
[WhiteElo "2501"]
[BlackElo "2550"]
[PlyCount "60"]
[EventDate "2024.09.28"]
[EventType "team-tourn"]
[EventRounds "15"]
[EventCountry "GER"]
[SourceTitle "CB06_2025"]
[SourceDate "2025.02.05"]
[SourceVersion "1"]
[SourceVersionDate "2025.02.05"]
[SourceQuality "1"]
[WhiteTeam "St Pauli"]
[BlackTeam "Hamburger SK"]
[WhiteTeamCountry "GER"]
[BlackTeamCountry "GER"]

1. Nf3 Nf6 2. c4 b6 3. g3 Bb7 4. Bg2 e6 5. 0-0 Be7 6. d3 c5 7. e4 d6 8. Nc3 0-0 9. Ne1 Nc6 10. f4 Nd7 11. Nf3 Nd4 12. Be3 Nxf3+ 13. Bxf3 a6 14. a4 Bf6 15. Rc1 Bd4 16. Qd2 Re8 17. Ne2 Bxe3+ 18. Qxe3 b5 19. axb5 axb5 20. cxb5 Qb6 21. b4 Ra3 22. bxc5 Nxc5 23. Rc3 Rxc3 24. Nxc3 e5 25. fxe5 dxe5 26. Bh5 g6 27. Be2 Qd6 28. Nd1 Nb3 29. Qf2 Re7 30. Ne3 Qc5 1/2-1/2

[Event "HUN-chT 2425"]
[Site "Hungary"]
[Date "2024.12.15"]
[Round "4.2"]
[White "Papp, Gabor"]
[Black "Brunello, Sabino"]
[Result "1/2-1/2"]
[WhiteElo "2511"]
[BlackElo "2518"]
[PlyCount "83"]
[EventDate "2024.11.02"]
[EventType "team-tourn"]
[EventRounds "9"]
[EventCountry "HUN"]
[SourceTitle "CB16_2025"]
[SourceDate "2025.04.16"]
[SourceVersion "1"]
[SourceVersionDate "2025.04.16"]
[SourceQuality "1"]
[WhiteTeam "Paks"]
[BlackTeam "Kekes"]
[WhiteTeamCountry "HUN"]
[BlackTeamCountry "HUN"]

1. e4 e5 2. Nf3 Nc6 3. Bc4 Bc5 4. d3 Nf6 5. Nc3 d6 6. Bg5 h6 7. Bxf6 Qxf6 8. Nd5 Qd8 9. c3 a5 10. d4 Ba7 11. dxe5 0-0 12. exd6 Qxd6 13. Qc2 Bg4 14. 0-0-0 Rad8 15. Kb1 Bxf3 16. gxf3 Ne5 17. Bb3 Ng6 18. h4 c6 19. h5 Nf4 20. Ne3 Qf6 21. Rdg1 Kh8 22. Nf5 b5 23. a4 bxa4 24. Bc4 a3 25. Rxg7 axb2 26. Rg6 fxg6 27. hxg6 Qxg6 28. Rxh6+ Qxh6 29. Nxh6 Rd7 30. Kxb2 Bb8 31. Ng4 Rfd8 32. Qa4 Rd2+ 33. Kb3 Bd6 34. Qxc6 Rb8+ 35. Bb5 Nd3 36. e5 Rxb5+ 37. Qxb5 Rb2+ 38. Kc4 Nxe5+ 39. Nxe5 Rxb5 40. Kxb5 Bxe5 41. Kxa5 Bxc3+ 42. Kb5 1/2-1/2

[Event "HUN-chT 2425"]
[Site "Hungary"]
[Date "2024.12.14"]
[Round "3.2"]
[White "Stankovic, Milos"]
[Black "Papp, Gabor"]
[Result "1/2-1/2"]
[WhiteElo "2471"]
[BlackElo "2511"]
[PlyCount "74"]
[EventDate "2024.11.02"]
[EventType "team-tourn"]
[EventRounds "9"]
[EventCountry "HUN"]
[SourceTitle "CB16_2025"]
[SourceDate "2025.04.16"]
[SourceVersion "1"]
[SourceVersionDate "2025.04.16"]
[SourceQuality "1"]
[WhiteTeam "Maroczy"]
[BlackTeam "Paks"]
[WhiteTeamCountry "HUN"]
[BlackTeamCountry "HUN"]

1. e4 c5 2. c3 d5 3. exd5 Qxd5 4. d4 Nf6 5. Nf3 e6 6. Na3 a6 7. Nc4 Nbd7 8. Be2 b5 9. Ne3 Qc6 10. 0-0 Bb7 11. a4 Qb6 12. axb5 axb5 13. Rxa8+ Bxa8 14. dxc5 Bxc5 15. Qb3 b4 16. Nc4 Qb8 17. cxb4 Qxb4 18. Qxb4 Bxb4 19. Bd2 Bxd2 20. Nfxd2 Ke7 21. Ra1 Bd5 22. Ra7 Ra8 23. Rxa8 Bxa8 24. Bf3 Bxf3 25. Nxf3 Nd5 26. Kf1 f6 27. g3 e5 28. Ke2 Nc5 29. Ne3 Ke6 30. Nxd5 Kxd5 31. Ke3 f5 32. h4 g6 33. Ng5 h5 34. Nf7 Ke6 35. Ng5+ Kd5 36. Nf7 Ke6 37. Ng5+ Kd5 1/2-1/2

[Event "AUT-chT 2425"]
[Site "Austria"]
[Date "2024.10.10"]
[Round "2.2"]
[White "Papp, Gabor"]
[Black "Krivoborodov, Egor"]
[Result "1/2-1/2"]
[WhiteElo "2508"]
[BlackElo "2555"]
[PlyCount "141"]
[EventDate "2024.10.09"]
[EventType "team-tourn"]
[EventRounds "11"]
[EventCountry "AUT"]
[SourceTitle "CB42_2024"]
[Source "ChessBase"]
[SourceDate "2024.10.16"]
[SourceVersion "1"]
[SourceVersionDate "2024.10.16"]
[SourceQuality "1"]
[WhiteTeam "Ottakring"]
[BlackTeam "Frauental"]
[WhiteTeamCountry "AUT"]
[BlackTeamCountry "AUT"]

1. e4 c5 2. Nf3 g6 3. d4 cxd4 4. Nxd4 Nc6 5. c4 Nf6 6. Nc3 Nxd4 7. Qxd4 d6 8. Be2 Bg7 9. Be3 0-0 10. Qd3 Nd7 11. 0-0 Nc5 12. Qc2 Bxc3 13. Qxc3 Nxe4 14. Qd4 Nf6 15. Rad1 b6 16. Qh4 Bb7 17. Rd4 Re8 18. Rfd1 Nd7 19. Qh6 Nf8 20. h4 Ne6 21. Rg4 Ng7 22. Bd3 Qd7 23. Rg5 e5 24. h5 Re6 25. hxg6 fxg6 26. Qh3 Qf7 27. Bc2 Rf6 28. b4 Re8 29. Qh4 Ne6 30. c5 bxc5 31. bxc5 Nxg5 32. Bxg5 Rf4 33. Bxf4 Qxf4 34. Qxf4 exf4 35. Rxd6 Be4 36. Bb3+ Kg7 37. Rd7+ Kf6 38. c6 Bf5 39. Rxa7 Re1+ 40. Kh2 Rc1 41. Rf7+ Ke5 42. Rxh7 Rxc6 43. Rb7 g5 44. Rb5+ Kf6 45. f3 g4 46. fxg4 Bxg4 47. Rb8 Ke5 48. Re8+ Kd4 49. Rg8 Be2 50. Kg1 Bd3 51. Rd8+ Ke3 52. Re8+ Kd4 53. Rd8+ Ke3 54. Re8+ Kd4 55. Kf2 Be4 56. Rf8 Ke5 57. Re8+ Kd4 58. Bd1 Rc3 59. Rd8+ Ke5 60. Re8+ Kd4 61. Rd8+ Ke5 62. Rd2 Bd5 63. Rb2 Rd3 64. Bb3 Be4 65. Bc4 Rg3 66. Bf1 Ra3 67. Rb5+ Kd4 68. Rb4+ Ke5 69. Rb5+ Kd4 70. Rb4+ Ke5 71. Rb5+ 1/2-1/2

[Event "Olympiad-45"]
[Site "Budapest"]
[Date "2024.09.21"]
[Round "10.4"]
[White "Papp, Gabor"]
[Black "Di Berardino, Diego Rafael"]
[Result "0-1"]
[WhiteElo "2550"]
[BlackElo "2472"]
[PlyCount "90"]
[EventDate "2024.09.11"]
[EventType "team-swiss"]
[EventRounds "11"]
[EventCountry "HUN"]
[SourceTitle "EXT 2025"]
[Source "ChessBase"]
[SourceDate "2024.10.14"]
[SourceVersion "1"]
[SourceVersionDate "2024.10.14"]
[SourceQuality "1"]
[WhiteTeam "Hungary II"]
[BlackTeam "Brazil"]
[WhiteTeamCountry "HUN"]
[BlackTeamCountry "BRA"]

1. e4 e6 2. d4 d5 3. e5 c5 4. c3 Nc6 5. Nf3 Qb6 6. Bd3 cxd4 7. 0-0 Bd7 8. Re1 Nge7 9. h4 h6 10. Nbd2 dxc3 11. bxc3 Na5 12. Rb1 Qc7 13. Qe2 a6 14. Ba3 Nf5 15. Bxf8 Kxf8 16. h5 Rc8 17. Bxf5 exf5 18. Nd4 Be6 19. N2b3 Nc4 20. f4 Qd7 21. Nd2 Kg8 22. Nxc4 Rxc4 23. Qd3 b5 24. g4 g6 25. Rb2 Kh7 26. Rf1 Rhc8 27. Rc2 b4 28. hxg6+ fxg6 29. Rfc1 bxc3 30. Rxc3 fxg4 31. Kh2 h5 32. Qe3 Qe7 33. Rxc4 dxc4 34. Rb1 Qh4+ 35. Kg1 Bd5 36. Rb6 c3 37. Rxg6 c2 38. Rh6+ Kg8 39. Rg6+ Kh7 40. Rh6+ Kg8 41. Rg6+ Kf7 42. e6+ Kxg6 43. Qd3+ Kf6 44. Qf5+ Kg7 45. Qe5+ Kg8 0-1

[Event "Olympiad-45"]
[Site "Budapest"]
[Date "2024.09.13"]
[Round "3.3"]
[White "Papp, Gabor"]
[Black "Vidit, Santosh Gujrathi"]
[Result "1/2-1/2"]
[WhiteElo "2550"]
[BlackElo "2720"]
[PlyCount "52"]
[EventDate "2024.09.11"]
[EventType "team-swiss"]
[EventRounds "11"]
[EventCountry "HUN"]
[SourceTitle "EXT 2025"]
[Source "ChessBase"]
[SourceDate "2024.10.14"]
[SourceVersion "1"]
[SourceVersionDate "2024.10.14"]
[SourceQuality "1"]
[WhiteTeam "Hungary II"]
[BlackTeam "India"]
[WhiteTeamCountry "HUN"]
[BlackTeamCountry "IND"]

1. e4 e6 2. d4 d5 3. Nd2 c5 4. exd5 Qxd5 5. Ngf3 cxd4 6. Bc4 Qd7 7. 0-0 Nc6 8. Nb3 a6 9. Nbxd4 Nxd4 10. Nxd4 Qc7 11. Bd3 Nf6 12. Re1 Bd6 13. h3 0-0 14. Bg5 Bh2+ 15. Kh1 Be5 16. Rxe5 Qxe5 17. f4 Qc7 18. Bxf6 gxf6 19. Qg4+ Kh8 20. Qh4 f5 21. Qf6+ Kg8 22. Nxf5 exf5 23. Qg5+ Kh8 24. Qf6+ Kg8 25. Qg5+ Kh8 26. Qf6+ Kg8 1/2-1/2

[Event "Olympiad-45"]
[Site "Budapest"]
[Date "2024.09.12"]
[Round "2.25"]
[White "Abdulla, Murad"]
[Black "Papp, Gabor"]
[Result "1/2-1/2"]
[WhiteElo "2312"]
[BlackElo "2550"]
[PlyCount "64"]
[EventDate "2024.09.11"]
[EventType "team-swiss"]
[EventRounds "11"]
[EventCountry "HUN"]
[SourceTitle "EXT 2025"]
[Source "ChessBase"]
[SourceDate "2024.10.14"]
[SourceVersion "1"]
[SourceVersionDate "2024.10.14"]
[SourceQuality "1"]
[WhiteTeam "Scotland"]
[BlackTeam "Hungary II"]
[WhiteTeamCountry "SCO"]
[BlackTeamCountry "HUN"]

1. e4 c5 2. c3 d5 3. exd5 Qxd5 4. d4 Nf6 5. Nf3 e6 6. Na3 Nc6 7. Nb5 Qd8 8. dxc5 Bxc5 9. Be2 Qxd1+ 10. Bxd1 Ke7 11. a4 a6 12. Na3 Rd8 13. Bc2 b5 14. b4 Bd6 15. axb5 axb5 16. Bb2 Rb8 17. Ke2 Nd5 18. g3 h6 19. Bd3 Nc7 20. Nc2 Bb7 21. Rhd1 Be5 22. Ncd4 Bxd4 23. Nxd4 Nxd4+ 24. cxd4 Ra8 25. d5 Nxd5 26. Bxg7 f6 27. Rdc1 Rxa1 28. Rxa1 Nc3+ 29. Ke3 Nd5+ 30. Ke2 Nc3+ 31. Ke3 Nd5+ 32. Ke2 Nc3+ 1/2-1/2

[Event "Barcelona Sants op 25th"]
[Site "Barcelona"]
[Date "2024.08.25"]
[Round "3"]
[White "Frayna, Janelle Mae"]
[Black "Papp, Gabor"]
[Result "1-0"]
[WhiteElo "2162"]
[BlackElo "2550"]
[PlyCount "131"]
[EventDate "2024.08.23"]
[EventType "swiss"]
[EventRounds "10"]
[EventCountry "ESP"]
[SourceTitle "CBM 221 Extra"]
[Source "ChessBase"]
[SourceDate "2024.09.30"]
[SourceVersion "1"]
[SourceVersionDate "2024.09.30"]
[SourceQuality "1"]

1. e4 c5 2. Nf3 Nc6 3. Bb5 e6 4. Bxc6 bxc6 5. 0-0 Qc7 6. c3 Ne7 7. e5 Ng6 8. d4 Be7 9. Nbd2 cxd4 10. cxd4 f6 11. Re1 0-0 12. Nc4 Bb7 13. exf6 gxf6 14. Bh6 Rf7 15. Rc1 Kh8 16. d5 exd5 17. Ne3 Qa5 18. a3 Rg8 19. Nf5 d4 20. Rxe7 Rxe7 21. Nxe7 Nxe7 22. Qxd4 Qf5 23. Nh4 Qe6 24. Qb4 Qg4 25. Re1 Qxb4 26. axb4 Nd5 27. Nf5 Ba6 28. Ra1 Bd3 29. Nd6 Ra8 30. Ra3 Bg6 31. g4 Nc7 32. Rf3 Nd5 33. h4 Kg8 34. Kh2 Rb8 35. Ra3 Ra8 36. Rf3 Rb8 37. Ra3 Ra8 38. f4 Nc7 39. f5 Ne8 40. Rd3 Nxd6 41. Rxd6 Be8 42. Rxf6 Bf7 43. Rd6 Be8 44. Bd2 Rb8 45. Bc3 Rb5 46. h5 a6 47. Kg3 Rd5 48. Rxd5 cxd5 49. Kf4 d4 50. Bxd4 d6 51. Bf6 Kf7 52. Bh4 h6 53. g5 hxg5+ 54. Kxg5 Kg7 55. Bg3 d5 56. Be5+ Kh7 57. Bd4 Bf7 58. h6 Be8 59. Be3 Bd7 60. Kf6 d4 61. Bd2 d3 62. Ke5 Bc8 63. b5 axb5 64. b4 Bd7 65. Kd6 Bxf5 66. Kc6 1-0

[Event "Budapest Kallai Memorial Rapid 2nd"]
[Site "Budapest"]
[Date "2024.08.18"]
[Round "8"]
[White "Papp, Gabor"]
[Black "Erdos, Viktor"]
[Result "1/2-1/2"]
[WhiteElo "2529"]
[BlackElo "2525"]
[PlyCount "53"]
[EventDate "2024.08.15"]
[EventType "tourn"]
[EventRounds "9"]
[EventCountry "HUN"]
[EventCategory "11"]
[SourceTitle "CBM 221 Extra"]
[Source "ChessBase"]
[SourceDate "2024.09.30"]
[SourceVersion "1"]
[SourceVersionDate "2024.09.30"]
[SourceQuality "1"]

1. e4 e6 2. d4 d5 3. e5 c5 4. c3 Nc6 5. Nf3 Bd7 6. Be2 Nge7 7. 0-0 Ng6 8. Be3 Qb6 9. Nbd2 Be7 10. Rb1 0-0 11. a3 Rfc8 12. b4 cxd4 13. cxd4 Nd8 14. g3 Rc3 15. h4 h6 16. h5 Nf8 17. Nb3 Ba4 18. Bd2 Rxb3 19. Rxb3 Nc6 20. Be3 Rc8 21. Qb1 Bxb3 22. Qxb3 Na5 23. Qa2 Nc4 24. Rc1 Qa6 25. Nd2 b5 26. Nxc4 bxc4 27. Bd2 1/2-1/2

[Event "Budapest Kallai Memorial Rapid 2nd"]
[Site "Budapest"]
[Date "2024.08.16"]
[Round "3"]
[White "Papp, Gabor"]
[Black "Gaal, Zsoka"]
[Result "1-0"]
[WhiteElo "2529"]
[BlackElo "2223"]
[PlyCount "65"]
[EventDate "2024.08.15"]
[EventType "tourn"]
[EventRounds "9"]
[EventCountry "HUN"]
[EventCategory "11"]
[SourceTitle "CBM 221 Extra"]
[Source "ChessBase"]
[SourceDate "2024.09.30"]
[SourceVersion "1"]
[SourceVersionDate "2024.09.30"]
[SourceQuality "1"]

1. Nf3 Nf6 2. c4 e6 3. b3 d5 4. Bb2 c5 5. e3 Nc6 6. cxd5 exd5 7. d4 cxd4 8. Nxd4 Ne4 9. a3 Be7 10. Nxc6 bxc6 11. Bxg7 Rg8 12. Bb2 Rb8 13. Qc2 c5 14. Nc3 Qa5 15. Bd3 Rxg2 16. Bxe4 dxe4 17. 0-0-0 Be6 18. Qxe4 Rg6 19. Nd5 Rxb3 20. Nxe7 Kxe7 21. Rd2 Rg4 22. f4 Qxd2+ 23. Kxd2 Rxb2+ 24. Kc1 Rgg2 25. f5 Ra2 26. Qe5 Rac2+ 27. Kb1 c4 28. fxe6 f6 29. Qd4 Rgd2 30. Qxa7+ Kxe6 31. Qb6+ Ke7 32. Rd1 Rf2 33. Qc7+ 1-0

[Event "Norway Chess op"]
[Site "Stavanger"]
[Date "2024.05.26"]
[Round "4"]
[White "Papp, Gabor"]
[Black "Kvaloy, Aksel Bu"]
[Result "1/2-1/2"]
[WhiteElo "2553"]
[BlackElo "2454"]
[PlyCount "119"]
[EventDate "2024.05.24"]
[EventType "swiss"]
[EventRounds "9"]
[EventCountry "NOR"]
[SourceTitle "CBM 220 Extra"]
[Source "ChessBase"]
[SourceDate "2024.07.31"]
[SourceVersion "1"]
[SourceVersionDate "2024.07.31"]
[SourceQuality "1"]

1. e4 c5 2. Nf3 d6 3. d4 cxd4 4. Nxd4 Nf6 5. Nc3 a6 6. Rg1 e5 7. Nb3 Be6 8. g4 d5 9. exd5 Nxd5 10. Nxd5 Qxd5 11. Be3 Nc6 12. c3 0-0-0 13. Qxd5 Bxd5 14. Nd2 Be7 15. a4 h6 16. Bc4 Bg5 17. Ke2 a5 18. Rad1 Bxe3 19. fxe3 Kc7 20. e4 Bxc4+ 21. Nxc4 b6 22. h4 f6 23. h5 Rxd1 24. Rxd1 Rd8 25. Rxd8 Nxd8 26. Ne3 Kc6 27. Nf5 Ne6 28. Ke3 Kc5 29. Kd3 Nf4+ 30. Kc2 Ne6 31. b3 Kc6 32. Kb2 Kc5 33. Kc1 Kc6 34. Kc2 Kc5 35. Kb2 Kc6 36. b4 axb4 37. cxb4 b5 38. a5 Kc7 39. Kc3 Kc6 40. Kd3 Kb7 41. Ke3 Kc7 42. Kf2 Kc6 43. Kf3 Kb7 44. Ke2 Kc7 45. Ke3 Kb7 46. Nd6+ Kc6 47. Nc8 Kb7 48. Ne7 Nd4 49. Nd5 Ne6 50. Nc3 Nd4 51. Kd3 Kc6 52. Nd5 Kb7 53. Ne3 Kc7 54. Ng2 Kb7 55. Ne1 Kc7 56. Ke3 Kb7 57. Nd3 Kc7 58. Kf2 Kc6 59. Nc5 Kc7 60. Nd3 1/2-1/2

[Event "Norway Chess op"]
[Site "Stavanger"]
[Date "2024.05.25"]
[Round "2"]
[White "Papp, Gabor"]
[Black "Shehzad, Shazil Khan"]
[Result "1/2-1/2"]
[WhiteElo "2553"]
[BlackElo "2314"]
[PlyCount "181"]
[EventDate "2024.05.24"]
[EventType "swiss"]
[EventRounds "9"]
[EventCountry "NOR"]
[SourceTitle "CBM 220 Extra"]
[Source "ChessBase"]
[SourceDate "2024.07.31"]
[SourceVersion "1"]
[SourceVersionDate "2024.07.31"]
[SourceQuality "1"]

1. e4 e5 2. Nf3 Nc6 3. Bc4 Nf6 4. d3 h6 5. c3 d6 6. Nbd2 g6 7. 0-0 Bg7 8. Re1 0-0 9. a4 Kh8 10. a5 a6 11. Nf1 Ng8 12. d4 Bg4 13. d5 Nce7 14. Be2 Bd7 15. c4 f5 16. N3d2 Nf6 17. Ra3 c5 18. dxc6 bxc6 19. exf5 Nxf5 20. Ng3 d5 21. Bf1 Nd4 22. h3 Qc7 23. Nb1 Qd6 24. Nc3 Rae8 25. Na4 Bc8 26. Be3 Ne6 27. Bb6 Bb7 28. Bd3 e4 29. Bxe4 Nxe4 30. Nxe4 Qb4 31. Qd2 Qxd2 32. Nxd2 Nf4 33. Rae3 Rxe3 34. Rxe3 c5 35. Bxc5 Rf7 36. cxd5 Bxd5 37. f3 Bc6 38. Nc3 Rb7 39. Nc4 Rb3 40. Kh2 Rb7 41. Bd6 Nd5 42. Nxd5 Bxd5 43. Nb6 Bc6 44. Be5 Bb5 45. b4 Kg8 46. Bxg7 Kxg7 47. Re5 Rc7 48. Nd5 Rc2 49. Re7+ Kg8 50. h4 Rb2 51. Re4 Kf7 52. Rf4+ Kg7 53. Nc7 Bf1 54. Ne6+ Kh7 55. Rg4 h5 56. Rg5 Bd3 57. Nf4 Bb1 58. Nd5 Ba2 59. Kg3 Bxd5 60. Rxd5 Rxb4 61. Rd6 Ra4 62. Rxa6 Kg7 63. Kh3 Ra3 64. Kh2 Ra4 65. Kg3 Kf7 66. Ra7+ Kf6 67. a6 Ke6 68. Ra8 Kf6 69. Kf2 Kg7 70. Ke3 Rxh4 71. Rc8 Ra4 72. Rc7+ Kf6 73. a7 Kf5 74. Kd3 g5 75. Kc3 Ra1 76. Kb2 Ra6 77. Kb3 Kf4 78. Rg7 g4 79. fxg4 hxg4 80. Kb4 Kg3 81. Kb5 Rxa7 82. Rxa7 Kxg2 83. Kc4 g3 84. Kd3 Kf2 85. Rf7+ Ke1 86. Re7+ Kf2 87. Re2+ Kf3 88. Re3+ Kf2 89. Re2+ Kf3 90. Re3+ Kf2 91. Re2+ 1/2-1/2

[Event "Titled Tuesday intern op 07th May Late"]
[Site "Chess.com INT"]
[Date "2024.05.07"]
[Round "7"]
[White "Jing, Andrew"]
[Black "Papp, Gabor"]
[Result "0-1"]
[WhiteElo "2029"]
[BlackElo "2553"]
[PlyCount "96"]
[EventDate "2024.05.07"]
[EventType "swiss (blitz)"]
[EventRounds "11"]
[EventCountry "USA"]
[SourceTitle "EXT 2025"]
[Source "ChessBase"]
[SourceDate "2024.10.14"]
[SourceVersion "1"]
[SourceVersionDate "2024.10.14"]
[SourceQuality "1"]

1. d4 g6 2. c4 Bg7 3. Nf3 d6 4. g3 e5 5. dxe5 dxe5 6. Qxd8+ Kxd8 7. Bg2 c6 8. 0-0 Nd7 9. Rd1 Kc7 10. Nc3 Ne7 11. Ne4 Rd8 12. b3 Nf5 13. Ba3 Bf8 14. Bxf8 Rxf8 15. g4 Ng7 16. h3 Ne6 17. e3 f5 18. Nd6 e4 19. Nh4 fxg4 20. hxg4 Ne5 21. Bxe4 Nxg4 22. Nf3 Nc5 23. Kg2 Be6 24. Bc2 Rad8 25. Ne4 Nxe4 26. Bxe4 Nf6 27. Ng5 Bc8 28. Bf3 h6 29. Ne4 Nxe4 30. Bxe4 g5 31. f3 h5 32. Bg6 h4 33. Be4 Rxd1 34. Rxd1 Rd8 35. Rxd8 Kxd8 36. f4 gxf4 37. exf4 Ke7 38. Kf3 Kf6 39. Ke3 Bf5 40. Bh1 Bb1 41. a3 Ba2 42. b4 Bxc4 43. Kd4 Bd5 44. Bxd5 cxd5 45. Kxd5 h3 46. Ke4 h2 47. Kd5 h1Q+ 48. Kd6 Qc6# 0-1